Baskin Robbins 31 Flavors Quiz Stats

 Plays Quiz Updated Dec 12, 2018

Support Sporcle.
Go Orange.
Score 0/31 Timer 05:00
1 Play Today
% Correct
Chocolate
98.4%
Vanilla
97.4%
Strawberry
88.7%
Chocolate Mint
65.2%
Chocolate Chip
56.9%
Rocky Road
51.5%
Coffee
34%
French Vanilla
21.1%
Orange Sherbet
19.6%
Peach
15.2%
Chocolate Fudge
12.3%
Raspberry Sherbet
7%
Lemon Sherbet
6.4%
Chocolate Almond
4.7%
Black Walnut
4%
Egg Nog
3.1%
% Correct
Pineapple Sherbet
3.1%
Peppermint Stick
2.7%
Maple Nut
2.5%
Chocolate Ribbon
2.4%
Lemon Custard
2.4%
Banana Nut Fudge
2.4%
Burgundy Cherry
2.1%
Coffee Candy
2%
Butterscotch Ribbon
2%
Date Nut
2%
Lemon Crisp
1.9%
Cherry Macaroon
1.7%
Green Mint Stick
1.7%
Vanilla Burnt Almond
1.7%
Peppermint Fudge Ribbon
1.2%

You're not logged in!

Compare scores with friends on all Sporcle quizzes.
OR
Log In
Forgot?

From the Vault

Franchise Partners

by jrage2009

Gaming 5m
Well, howdy partner.
Remove Ads.
Support Sporcle.
Get the best of Sporcle when you Go Orange. This ad-free experience offers more features, more stats, and more fun while also helping to support Sporcle. Thank you for becoming a member.

Show Comments

Extras

Top Quizzes Today


Score Distribution

Your Account Isn't Verified!

In order to create a playlist on Sporcle, you need to verify the email address you used during registration. Go to your Sporcle Settings to finish the process.

Report this User

Report this user for behavior that violates our Community Guidelines.

Details: